| 000 | 01077cam a22003255i 4500 | ||
|---|---|---|---|
| 999 |
_c25772 _d25744 |
||
| 001 | 4474725 | ||
| 003 | EG-ScBUE | ||
| 005 | 20200209131305.0 | ||
| 008 | 961203t19971997maua f b 000 0 eng d | ||
| 020 | _a0312134045 | ||
| 020 | _a9780312134044 | ||
| 040 |
_aDLC _beng _erda _cDLC _dEG-ScBUE |
||
| 082 | 0 | 4 |
_a808.2 _bBED _222 |
| 245 | 0 | 4 |
_aThe Bedford introduction to drama / _c[compiled by] Lee A. Jacobus, University of Connecticut. |
| 250 | _aThird edition. | ||
| 264 | 1 |
_aBoston : _bBedford Books, _c[1997] |
|
| 264 | 4 | _cc1997 | |
| 300 |
_axxiii, 1797 pages : _billustrations ; _c24 cm |
||
| 336 |
_atext _btxt _2rdacontent |
||
| 337 |
_aunmediated _bn _2rdamedia |
||
| 338 |
_avolume _bnc _2rdacarrier |
||
| 500 | _a"Selected list of film, video, and audiocassette resources": p. 1777-1791. | ||
| 504 | _aIncludes bibliographical references. | ||
| 650 | 7 |
_aDrama _xCollections. _2BUEsh _933115 |
|
| 650 | 7 |
_aDrama _xHistory and criticism. _2BUEsh |
|
| 651 | _2BUEsh | ||
| 653 |
_bHHUUEENN _cDecember2017 |
||
| 700 | 1 |
_aJacobus, Lee A., _ecompiler. |
|
| 942 |
_2ddc _cBB |
||